Responses for show #2819 - Thursday, November 28, 1996

1996 Tournament of Champions final game 1.

Contestants

Michael Daunt, an accountant from Waterloo, Ontario, Canada

Mike Dupée, an attorney from Gainesville, Florida

Bob Scarpone, an attorney from Flanders, New Jersey

Jeopardy! Round responses

FIRST YEAR OF THE CENTURY
ART
GEOGRAPHICAL WORDS & PHRASES
BLACK AMERICA
COINS
SINGERS
    $100 19
Guglielmo Marconi

Mike
    $100 9
Pablo Picasso

Bob
    $100 1
Copenhagen

Michael
    $100 15
Denzel Washington

Bob
    $100 26
Drachma

Mike
    $100 21
Mick Jagger

Mike
    $200 2
Prince of Wales

Michael
    $200 10
Paul Gauguin

Bob
    $200 4
Mexican

Michael
    $200 16
Clarence Thomas

Mike
    $200 27
Moon Landing

Bob
    $200 22
Paula Abdul

Mike
    $300 12
Baghdad

Bob
    $300 11
Still Life

Michael
    $300 6
Dutch

Mike
    $300 3
"A Raisin in the Sun"

Mike
    $300 28
Pope John XXIII

Bob
    $300 23
Annie Lennox

Mike
    $400 5
Panama

Bob
    $400 13
(Mike: Who is Degas?)

Toulouse-Lautrec

MikeMichael
    $400 7
Jerusalem Artichoke

Mike
    $400 17
Carl Lewis

Mike
    $400 29
the French franc

Bob
    $400 24
(Michael: Who is Whitney Houston?)

Mariah Carey

Michael
Triple Stumper
    $500 20
Lord Nelson

Michael
    $500 14
Rene Magritte

Mike
    $500 8
Darjeeling

Mike
    $1,000 18
(A: While you were thinking about that, Michael was shaking his head and he probably was happy he didn't get the Daily Double)

Dr. Ralph Bunche

Mike
    $500 30
Farthing

Mike
    $500 25
Robert Plant

Mike

Scores at the first commercial break (after clue 15):

Bob Mike Michael
$1,100 $1,600 $1,200

Scores at the end of the Jeopardy! Round:

Bob Mike Michael
$2,000 $5,000 $1,300

Double Jeopardy! Round responses

U.S. PRESIDENTS
NONFICTION
GENERAL SCIENCE
FOOD & DRINK
LABOR UNIONS
EUGENE O'NEILL
    $200 6
Harry S. Truman

Bob
    $200 1
Golf

Mike
    $200 12
Pollen

Michael
    $200 17
evaporated milk

Bob
    $200 26
National Labor Relations Board

Mike
    $200 11
Charlie Chaplin

Mike
    $400 7
Martin Van Buren

Mike
    $400 2
Charles Kuralt

Bob
    $400 13
Mach number

Michael
    $400 19
Quinine

Michael
    $400 27
United Auto Workers

Mike
    $400 18
"The Emperor Jones"

Michael
    $600 8
(Michael: Who is Jefferson?)
(Bob: Who is Monroe?)

James Madison

BobMikeMichael
    $600 3
Bill Bradley

Michael
    $600 14
Ammonia

Mike
    $600 20
Kippers

Mike
    $600 28
Major League Baseball Players

Michael
    $600 23
"Anna Christie"

Mike
    $800 9
Grover Cleveland

Bob
    $800 4
Barbara Tuchman

Mike
    $800 15
Keratin

Michael
    $800 21
Scotch

Michael
    $800 29
(Michael: What is Dayton?)

Akron, Ohio

MikeMichael
    $500 24
Long Day's Journey into Night

Mike
    $2,500 10
Franklin Pierce

Bob
    $1000 5
Men Are from Mars, Women Are from Venus

Bob
    $1000 16
(Mike: What are muons?)

Gluons

MikeMichael
    $1000 22
Blini/Blintzes

Bob
    $1000 30
(Mike: Who was Runcie?)
(Michael: Who was Fitzgerald?)

Frank Fitzsimmons

MikeMichael
Triple Stumper
    $1000 25
"Hickey"

Triple Stumper

Scores at the end of the Double Jeopardy! Round:

Bob Mike Michael
$7,500 $8,900 $4,100

Final Jeopardy! Round responses

ENGLISH ROYALTY
MichaelWhat were the Plantagenets?
$4,100
BobWhat was Plantagenet?
$3,500
MikeWhat is Plantagenet?
$4,000
Plantagenet

Final scores:

Bob Mike Michael
$11,000 $12,900 $8,200

Game dynamics:

Coryat scores:

Bob Mike Michael
$6,000 $8,700 $4,100
15 R
(including 1 DD),
1 W
27 R
(including 2 DDs),
3 W
15 R,
4 W

Combined Coryat: $18,800

The J! Archive is created by fans, for fans. The Jeopardy! game show and all elements thereof, including but not limited to copyright and trademark thereto, are the property of Jeopardy Productions, Inc. and are protected under law. This website is not affiliated with, sponsored by, or operated by Jeopardy Productions, Inc. Join the discussion at JBoard.tv.